000 01211nam0a2200337 4500
001 RU\NLR\BIBL_A\022250953
005 20240820113746.0
010 _a978-5-04-198955-2
_95000
021 _aRU
_bКН-П-24-025845
_9КН-П-24-2660
035 _a(NLR Aleph) 022250953
090 _a13189152
_c13189152
100 _a20240613d2024 u y0rusy50 ca
101 1 _arus
_ceng
102 _aRU
105 _ay z 000ay
181 0 _ai
_baxxe
182 0 _an
200 1 _aЦепи рая
_fСи Джей Абазис
_g[перевод с английского С. Н. Самуйлова]
203 _aТекст
_bвизуальный
_cнепосредственный
210 _aМосква
_cЭксмо
_cInspiria
_d2024
215 _a347, [2] с.
_d21
225 1 _aTOK
_iВнутри убийцы
_eтриллеры о психологах-профайлерах
320 _aДр. кн. авт. на 2-й с.
333 _a16+
686 1 _aШ6(4Гр)07-446{Лх1268-45}
700 1 _aАбазис
_bС. Д.
_f1972-
_gСи Джей
_3RU\NLR\AUTH\770271062
942 _cBOOK
980 _aNB